Por una nueva cultura científica : más allá de las dos culturas /

Ciencia/tecnología y cultura son términos que usualmente van separados y por ello se ha hablado de la existencia de «dos culturas». En el siglo xxi, frente a los desafíos del desarrollo en una sociedad del conocimiento, necesitamos una visión integral, interdisciplinaria y compleja que supere la clá...

Full description

Bibliographic Details
Main Author: Parker Gumucio, Cristán
Format: Analitica de revista
Language:Spanish
Published: Santiago, Chile Universidad de Santiago de Chile Instituto de Estudios Avanzados 2008
Subjects:
Online Access:Acceso electrónico al documento

MARC

LEADER 00000cab a2200000 a 4500
001 031640
003 UAHC_CL
005 20170803123402.0
008 101220s2008 cl 000 spa
040 |a UAHC_CL  |c UAHC_CL  |d UAHC_CL 
100 1 |a Parker Gumucio, Cristán 
245 1 0 |a Por una nueva cultura científica :  |b más allá de las dos culturas /  |c Cristián Parker Gumucio. 
260 |b Universidad de Santiago de Chile Instituto de Estudios Avanzados  |a Santiago, Chile  |c 2008 
300 |a p. 7-24 
310 |a Semestral 
500 |a En: Estudios Avanzados. No. 10, Diciembre 2008. pp. 7-24. ISSN: 0718-5022. 
520 |a Ciencia/tecnología y cultura son términos que usualmente van separados y por ello se ha hablado de la existencia de «dos culturas». En el siglo xxi, frente a los desafíos del desarrollo en una sociedad del conocimiento, necesitamos una visión integral, interdisciplinaria y compleja que supere la clásica dicotomía ciencia-cultura. Al reconocimiento del condicionamiento lingüístico de la ciencia natural se suma aquél de la infl uencia de los contextos sociohistóricos en las formas de producción y evolución de las ciencias, lo cual está borrando las diferencias absolutas entre ciencia y cultura. Ahora reconocemos las limitaciones epistemológicas del conocimiento científi co moderno y presenciamos una transición hacia un nuevo paradigma de la ciencia. Los graves desafíos de la ciencia contemporánea hacen resurgir la necesidad de evaluar a la ciencia desde una perspectiva ética. Para los países en vías de desarrollo emergentes,\especialmente en América Latina, hace falta avanzar en la enseñanza de las ciencias y en el alfabetismo científi co. Sólo que la superación del dilema de las «dos culturas» pasa por asumir un concepto nuevo, el de alfabetismo científico cívico. Una nueva cultura científi ca puede garantizar, en forma simultánea, incremento de capital humano especializado,\desarrollo científi co-tecnológico nacional, participación democrática, desarrollo sustentable y control ético y ciudadano frente a los riesgos del dominio tecnocrático. 
520 |a Ciencia/tecnología y cultura son términos que usualmente van separados y por ello se ha hablado de la existencia de «dos culturas». En el siglo xxi, frente a los desafíos del desarrollo en una sociedad del conocimiento, necesitamos una visión integral, interdisciplinaria y compleja que supere la clásica dicotomía ciencia-cultura. Al reconocimiento del condicionamiento lingüístico de la ciencia natural se suma aquél de la infl uencia de los contextos sociohistóricos en las formas de producción y evolución de las ciencias, lo cual está borrando las diferencias absolutas entre ciencia y cultura. Ahora reconocemos las limitaciones epistemológicas del conocimiento científi co moderno y presenciamos una transición hacia un nuevo paradigma de la ciencia. Los graves desafíos de la ciencia contemporánea hacen resurgir la necesidad de evaluar a la ciencia desde una perspectiva ética. Para los países en vías de desarrollo emergentes,\especialmente en América Latina, hace falta avanzar en la enseñanza de las ciencias y en el alfabetismo científi co. Sólo que la superación del dilema de las «dos culturas» pasa por asumir un concepto nuevo, el de alfabetismo científico cívico. Una nueva cultura científi ca puede garantizar, en forma simultánea, incremento de capital humano especializado,\desarrollo científi co-tecnológico nacional, participación democrática, desarrollo sustentable y control ético y ciudadano frente a los riesgos del dominio tecnocrático. 
650 4 |a SOCIOLOGIA 
650 4 |a alfabetizacion cientifica 
650 4 |a TECNOLOGIA  |x ASPECTOS SOCIALES 
759 |a PP064 
773 0 |t Estudios avanzados  |w 031634 
856 |u http://web.usach.cl/revistaidea/revista%2010/Estudios%20Avanzados%2010%20-%2002%20Parker.pdf  |3 Acceso electrónico al documento  |y Acceso electrónico al documento 
856 |u http://web.usach.cl/revistaidea/revista%2010/Estudios%20Avanzados%2010%20-%2002%20Parker.pdf  |3 Acceso electrónico al documento  |y Acceso electrónico al documento 
900 |a ESTUD. AV.-10/08 
942 |c REVA 
952 |0 0  |1 0  |4 0  |6 ESTUD___AV_10_08_000000000000000  |7 0  |8 General  |9 61729  |a BC  |b BC  |c General  |d 2017-08-03  |l 0  |o ESTUD. AV.-10/08  |p FICTICIO2500  |r 2019-01-08 00:00:00  |t 1  |w 2017-08-03  |y REVA 
999 |c 31640  |d 31640